| 000 | 00736nam a2200193 i 4500 | ||
|---|---|---|---|
| 001 | 182833 | ||
| 003 | ES-MaACL | ||
| 005 | 20250809001823.0 | ||
| 008 | 131108s2012 sp a | |||||||| | spa d | ||
| 020 | _a978-84-939753-0-2 | ||
| 080 | _a929 Angoloti y Mesa, Carmen, Duquesa de la Victoria (082.2) | ||
| 245 | 0 | 0 | _aSesión científica homenaje a la figura de Carmen Angoloti, Duquesa de la Victoria. |
| 260 |
_aMadrid : _bReal Academia Nacional de Medicina, _c2012. |
||
| 300 |
_a77 p. : _bil. ; _c24 cm. |
||
| 600 | 1 | 7 |
_aAngoloti y Mesa, María del Carmen, _cDuquesa de la Victoria, _d1875-1959 _2 _9153807 |
| 710 | 2 |
_aReal Academia Nacional de Medicina (España) _96344 |
|
| 852 |
_aES-MaACL _j1597-F-14 |
||
| 999 |
_c182833 _d182833 |
||